Statistics for Triple Top Ten - World

Click here to take the quiz!

General Stats

  • This quiz has been taken 25 times
  • The average score is 24 of 30

Answer Stats

Answer% Correct
Brazil
100%
Brazil
100%
China
100%
China
100%
Russia
100%
Russia
100%
USA
100%
USA
100%
Canada
96%
India
96%
India
96%
Indonesia
96%
Australia
91%
Kazakhstan
91%
Mexico
91%
Argentina
87%
Pakistan
83%
Singapore
78%
Algeria
74%
Nigeria
74%
UAE
74%
Bangladesh
70%
Luxembourg
65%
Qatar
65%
Kuwait
57%
Switzerland
57%
Ireland
52%
Norway
52%
San Marino
48%
Brunei
43%

Score Distribution

Percentile by Number Answered

Percent of People with Each Score

Your Score History

You have not taken this quiz